000 00402nam a2200157Ia 4500
008 230711s9999||||xx |||||||||||||| ||und||
041 _aENG
082 _a711.4
_bRA-I
100 _aRamachandran, M
245 0 _aIndia's Urban Confusion challenges and strategies
250 _a1st Ed.
260 _c2014
_aGhaziabad
_bCopal Publishing Group
300 _a243p.
650 _aArchitecture
942 _cBK
999 _c6040
_d6040